Holiday Quiz

Random Holiday or Christmas Quiz
Score 0/20 Timer 04:00
5 Plays Today
Movie or actor % Correct
Tim Allen - The Santa Clause
89.5%
Tom Hanks - The Polar Express
84.2%
Billy Bob Thornton - Bad Santa
84%
Ed Asner - Elf
79.3%
Richard Attenborough - Miracle on 34th Street
69.2%
Jeff Gillen - A Christmas Story
67.2%
Richard Griffiths - A Muppet Christmas
58.4%
Paul Giamatti - Fred Claus
54.5%
Dan Aykroyd - Trading Places
46%
Jonathan Taylor Thomas - I'll Be Home for Christmas
39.6%
Movie or actor % Correct
Jim Broadbent - Arthur Christmas
31.5%
Alec Baldwin - Rise of the Guardians
26.7%
James Cosmo - The Lion, The Witch & The Wardrobe
24%
John Goodman - The Year Without a Santa Claus
17.3%
Paul Sorvino - Santa Baby 2
10.1%
Art Carney - The Night They Saved Christmas
8.1%
George Wendt - Santa Baby
8.1%
Leslie Nielsen - All I Want for Christmas
6.5%
Hume Cronyn - Santa and Pete
5.2%
Carl Reiner - Merry Madagascar
3.6%

You're not logged in!

Compare scores with friends on all Sporcle quizzes.
OR
Log In

Sporcle TV

Today on Sporcle TV


Watch our educational content, quiz creation guides, and fun videos on Sporcle TV.

Show Comments

Extras

Top Quizzes Today


Score Distribution

Paid Content

Your Account Isn't Verified!

In order to create a playlist on Sporcle, you need to verify the email address you used during registration. Go to your Sporcle Settings to finish the process.

Report this User

Report this user for behavior that violates our Community Guidelines.

Details: